000 01128nam0a22002771 4500
001 rc\4055016
005 20250611072826.0
021 _aRU
_b[51-13835]
035 _a(NLR Aleph) 008108535
090 _a9289215
_c9289215
100 _a20130415d1951 |||y0rusy50 ca
101 0 _arus
102 _aRU
105 _ay z |||||
200 1 _aВеликая дружба народов СССР
_eКраткий рекоменд. обзор литературы
_fНауч. ред. Б.Т. Багликова
_gГос. ордена Ленина б-ка СССР им. В.И. Ленина
210 _aМосква
_cБ. и.
_d1951
215 _a68 с.
_d20
300 _aНа обл. авт. не указан
606 _aДружба народов СССР
_jБиблиография
_2psbo
606 _aМорально-политическое единство советского народа
_jБиблиография
_2psbo
700 1 _aКазаков
_bС.В.
_gСергей Васильевич
801 0 _aRU
_bNLR
_gpsbo
801 1 _aRU
_bELAR
_2rusmarc
852 _aNLR
_jС405-660/К14
942 _cBOOK
980 _aNB